| 000 | 01568nam a2200481 a 4500 | ||
|---|---|---|---|
| 005 | 20200104041529.0 | ||
| 008 | 140121b2001 ck ||||| |||| 00| 0 spa d | ||
| 040 |
_aCO-BoIAVH _cCO-BoIAVH |
||
| 041 | _aspa | ||
| 044 | _ack | ||
| 090 |
_aIAvH _b00165 |
||
| 100 |
_aRenjifo M., Luis Miguel _94281 |
||
| 110 |
_bInstituto de Investigación de Recursos Biológicos Alexander von Humboldt _9204 |
||
| 245 | _aEstrategia para la conservación de las aves de Colombia | ||
| 250 | _aEstrategia Nacional para la conservación de las Aves de Colmbia | ||
| 260 |
_aBogotá _bInstituto Alexander von Humboldt _c2001 |
||
| 300 | _a35 | ||
| 650 |
_aConservación de biodiversidad _9345 |
||
| 650 |
_aAves _962844 |
||
| 650 |
_aAvifauna _962845 |
||
| 650 |
_aEstrategias de conservación _962846 |
||
| 650 |
_aEspecies amenazadas _9157 |
||
| 650 |
_aEspecies endémicas _962848 |
||
| 662 | _aColombia | ||
| 700 |
_aFranco, Ana María _9408 |
||
| 700 |
_aAlvarez , Humberto _94508 |
||
| 700 |
_aBorja, Rafael _94509 |
||
| 700 |
_aBotero, Jorge E. _94510 |
||
| 700 |
_aCordoba, Sergio _94511 |
||
| 700 |
_aDe la Zerna, Susana _94512 |
||
| 700 |
_aDidier, Gisele _962849 |
||
| 700 |
_aEstela, Felipe _962850 |
||
| 700 |
_aDe La Zerda, Susana _94515 |
||
| 700 |
_aDidier, Gisele _962851 |
||
| 700 |
_aEstela, Felipe _962852 |
||
| 700 |
_aMárquez, César _92724 |
||
| 700 |
_aMontenegro, M. I. _94518 |
||
| 700 |
_aMurcia, C. _94519 |
||
| 700 |
_aRodríguez, J. V. _94520 |
||
| 700 |
_aSamper , C. _94521 |
||
| 700 |
_aWeder, W. H. _94522 |
||
| 942 |
_cCD-ROM _2z |
||
| 999 |
_c2202 _d2202 |
||